000 00276nam a22001337a 4500
008 170527b xxu||||| |||| 00| 0 eng d
020 _a22156
041 _aeng
080 _a621
100 _a25
101 _aIM
245 _aENGINEERING DRAWING
_cFRENCH
942 _2udc
_cBK
999 _c14662
_d14662